Organic synthesis (Record no. 233677)

MARC details
000 -LEADER
fixed length control field 01010nam a22002177a 4500
005 - DATE AND TIME OF LATEST TRANSACTION
control field 20250122085206.0
008 - FIXED-LENGTH DATA ELEMENTS--GENERAL INFORMATION
fixed length control field 250122b ||||| |||| 00| 0 eng d
020 ## - INTERNATIONAL STANDARD BOOK NUMBER
International Standard Book Number 9788126540495
040 ## - CATALOGING SOURCE
Transcribing agency AL
041 ## - LANGUAGE CODE
Language code of text/sound track or separate title eng
082 ## - DEWEY DECIMAL CLASSIFICATION NUMBER
Edition number 23
Classification number 547.2
Item number WYAO
100 ## - MAIN ENTRY--PERSONAL NAME
Personal name Paul Wyatt
9 (RLIN) 194397
245 ## - TITLE STATEMENT
Title Organic synthesis
Remainder of title : strategy and control
260 ## - PUBLICATION, DISTRIBUTION, ETC.
Place of publication, distribution, etc. New Delhi
Name of publisher, distributor, etc. Wiley
Date of publication, distribution, etc. 2018
300 ## - PHYSICAL DESCRIPTION
Extent vi,909p
Other physical details PB
Dimensions 23x17.5cm.
365 ## - TRADE PRICE
Source of price type code General
Price type code ABDI/0786/25
Price amount ₹5995.00
Currency code
Unit of pricing ₹4496.25
Price note 25%
Price effective from 6/01/2024
520 ## - SUMMARY, ETC.
Summary, etc. Organic Synthesis: Strategy and Control is the long-awaited sequel to Stuart Warren's bestseller Organic Synthesis: The Disconnection Approach, which looked at the planning behind the synthesis of compounds. This unique book now provides a comprehensive, practical account of the key concepts involved in synthesising compounds and focuses on putting the planning into practice.<br/><br/>
650 ## - SUBJECT ADDED ENTRY--TOPICAL TERM
Source of heading or term Chemistry
Topical term or geographic name entry element Organic Chemistry
9 (RLIN) 194398
700 ## - ADDED ENTRY--PERSONAL NAME
Personal name Warren, Stuart
9 (RLIN) 194399
942 ## - ADDED ENTRY ELEMENTS (KOHA)
Source of classification or shelving scheme Dewey Decimal Classification
Koha item type Book
Holdings
Withdrawn status Lost status Source of classification or shelving scheme Damaged status Not for loan Collection code Home library Current library Date acquired Source of acquisition Cost, normal purchase price Total Checkouts Full call number Barcode Date last seen Cost, replacement price Price effective from Koha item type
    Dewey Decimal Classification     General Chemistry St Aloysius PG Library St Aloysius PG Library 01/20/2025 Academic Book Distributors 4496.25   547.2 WYAO PG024804 01/22/2025 5995.00 01/22/2025 Book
    Dewey Decimal Classification     General Chemistry St Aloysius PG Library St Aloysius PG Library 01/20/2025 Academic Book Distributors 4496.25   547.2 WYAO PG024805 01/22/2025 5995.00 01/22/2025 Book